书目信息 |
| 题名: |
英迪拉·甘地和她的权术
|
|
| 作者: | 塔库尔 著 ;张涵 译 | |
| 分册: | ||
| 出版信息: | 北京 新华出版社 1981 |
|
| 页数: | 217页 | |
| 开本: | 19cm | |
| 丛书名: | ||
| 单 册: | ||
| 中图分类: | D735.10 , K833.517.5 , I351.4 | |
| 科图分类: | ||
| 主题词: | 文学--概况--印度--文学 | |
| 电子资源: | ||
| ISBN: | ||
| 000 | 00894nam0 2200289 450 | |
| 001 | 1560824530 | |
| 005 | 20150120165406.50 | |
| 010 | @dCNY0.56 | |
| 091 | @a11203.015 | |
| 100 | @a19950605d1981 em y0chiy0110 ea | |
| 101 | 1 | @achi@cinc |
| 102 | @aCN@b110000 | |
| 105 | @ay z 000yy | |
| 200 | 1 | @a英迪拉·甘地和她的权术@9ying di la· gan di he ta de quan shu@f(印度)塔库尔著@g张涵译 |
| 210 | @a北京@c新华出版社@d1981 | |
| 215 | @a217页@d19cm | |
| 300 | @a内部发行 | |
| 600 | 1 | @a甘地@c(Gandhi, Shrimati Indira Priyadarshini@f1917~1984)@x人物研究 |
| 600 | 1 | @2CT@3S023777@a甘地@c(Gandhi, Shrimati Indira Priyadarshini@f1917~1984) |
| 606 | 0 | @a文学@x概况@y印度@a文学 |
| 690 | @aD735.10@v5 | |
| 690 | @aK833.517.5@v5 | |
| 690 | @aI351.4@v4 | |
| 701 | 1 | @a塔库尔@9ta ku er@4著 |
| 702 | 0 | @a张涵@9zhang han@4译 |
| 801 | 0 | @aCN@bTSSF@c20150120 |
| 905 | @aZUCC@dI351.4@eJY47 | |
| 英迪拉·甘地和她的权术/(印度)塔库尔著/张涵译.-北京:新华出版社,1981 |
| 217页;19cm |
| 内部发行 |
| ISBN :CNY0.56 |
| ● |
| 相关链接 |
|
|
|
|
正题名:英迪拉·甘地和她的权术
索取号:I351.4/JY47
 
预约/预借
| 序号 | 登录号 | 条形码 | 馆藏地/架位号 | 状态 | 备注 |
| 1 | 7850343 | 278503433 | 学院路分馆/ [索取号:I351.4/JY47] | 在馆 |